The Wonder That Was The Harappan Civilisation (Record no. 47301)
[ view plain ]
| 000 -LEADER | |
|---|---|
| fixed length control field | 00726nam a22002057a 4500 |
| 005 - DATE AND TIME OF LATEST TRANSACTION | |
| control field | 20260219102132.0 |
| 008 - FIXED-LENGTH DATA ELEMENTS--GENERAL INFORMATION | |
| fixed length control field | 260219b |||||||| |||| 00| 0 eng d |
| 020 ## - INTERNATIONAL STANDARD BOOK NUMBER | |
| International Standard Book Number | 9789393875426 |
| 040 ## - CATALOGING SOURCE | |
| Transcribing agency | VITAP |
| 082 ## - DEWEY DECIMAL CLASSIFICATION NUMBER | |
| Edition number | 23 |
| Classification number | 934.01 SUB |
| 100 ## - MAIN ENTRY--PERSONAL NAME | |
| Personal name | Subramanian, T.S |
| 9 (RLIN) | 17140 |
| 245 ## - TITLE STATEMENT | |
| Title | The Wonder That Was The Harappan Civilisation |
| Statement of responsibility, etc. | / T.S. Subramanian |
| 260 ## - PUBLICATION, DISTRIBUTION, ETC. | |
| Place of publication, distribution, etc. | Chennai |
| Name of publisher, distributor, etc. | THG Publishing Pvt Ltd. |
| Date of publication, distribution, etc. | 2025 |
| 300 ## - PHYSICAL DESCRIPTION | |
| Extent | 402p, ill.: 29cm |
| 650 #0 - SUBJECT ADDED ENTRY--TOPICAL TERM | |
| Topical term or geographic name entry element | Discovery of the Harappan Civilization, Geographical Spread, Town Planning & Architecture, Social Life, Economic Activities etc. |
| 9 (RLIN) | 17141 |
| 700 ## - ADDED ENTRY--PERSONAL NAME | |
| Personal name | Kirubanidhi, K Ed. |
| 9 (RLIN) | 17142 |
| 700 ## - ADDED ENTRY--PERSONAL NAME | |
| Personal name | Krithika, R Ed. |
| 9 (RLIN) | 17143 |
| 700 ## - ADDED ENTRY--PERSONAL NAME | |
| Personal name | Ganeshan, A Ed. |
| 9 (RLIN) | 17144 |
| 942 ## - ADDED ENTRY ELEMENTS (KOHA) | |
| Source of classification or shelving scheme | Dewey Decimal Classification |
| Koha item type | Text Book |
| Withdrawn status | Lost status | Source of classification or shelving scheme | Materials specified (bound volume or other part) | Damaged status | Not for loan | Collection code | Home library | Current library | Shelving location | Date acquired | Source of acquisition | Cost, normal purchase price | Inventory number | Total Checkouts | Full call number | Barcode | Date last seen | Cost, replacement price | Price effective from | Koha item type | Public note |
|---|---|---|---|---|---|---|---|---|---|---|---|---|---|---|---|---|---|---|---|---|---|
| Dewey Decimal Classification | Hard Bound | Not For Loan | Reference | School of Business & General Section | VIT-AP | Reference | 2026-01-12 | The Hindu Group of Publications | 3999.00 | 9001173329 | 934.01 SUB | 025509 | 2026-02-19 | 3999.00 | 2026-01-12 | Reference Book | GEN | ||||
| Dewey Decimal Classification | Hard Bound | School of Business & General Section | VIT-AP | General Stacks | 2026-01-12 | The Hindu Group of Publications | 3999.00 | 9001173329 | 934.01 SUB | 025510 | 2026-02-19 | 3999.00 | 2026-01-12 | Text Book | GEN |